Mystery Taylor Swift Song #22 - Statistics

General Stats
  • This quiz has been taken 1,569 times
    1,220 since last reset
  • The average score is 64 of 96
Answer Stats
Song % Correct
(I
98%
I
98%
a
97%
you
97%
the
93%
And
89%
it
86%
to
85%
me
83%
That
83%
When
83%
1989
82%
your
82%
how
81%
be
80%
in
80%
(ever
78%
ever)
78%
ever
78%
for
78%
(get
77%
get
77%
girl)
76%
girl
76%
go
76%
then
76%
say
75%
on
74%
want
74%
are
73%
(That's
73%
that's
73%
it's
71%
like
70%
of
70%
(oh
70%
oh)
70%
oh
70%
would
70%
all
69%
were
69%
what
69%
her
68%
too
68%
works)
68%
works
68%
know
67%
I'll
66%
or
66%
there
66%
back
65%
better)
64%
better
64%
don't
64%
why
64%
heart
63%
tell
63%
wait
63%
(worse
63%
worse
63%
How You Get the Girl
62%
together
62%
up
62%
never
61%
put
61%
been
60%
Broke
59%
from
59%
got
59%
Yeah
59%
long
58%
lost
58%
now
57%
insane
55%
rain
55%
Stand
55%
used
55%
mind
54%
door
53%
kisses
53%
told
53%
cheeks
52%
months
52%
open
52%
six
52%
afraid
51%
ghost
51%
pictures
51%
Remind
51%
with
51%
frames
50%
Shaking
50%
left
49%
She'll
49%
alone
48%
must've
43%
No matching quizzes found
Score Distribution
Percent of People with Each Score
Percentile by Number Answered
Your Score History
You have not taken this quiz since the last reset